Score 0/28 Timer 03:00
0 Plays Today
Hint 4-Letter Word % Correct
Lower facial featureCHIN
96%
'Rush Hour' star JackieCHAN
95.8%
High school dancePROM
94.6%
What you might do the night before an examCRAM
93.1%
Ocean Spray's ___-Apple drinkCRAN
92.1%
Create somethingMAKE
89.1%
Nanny's vehicle, in the UKPRAM
88.5%
Austin Powers portrayer MyersMIKE
87.8%
A statue from the shoulders upBUST
86.8%
Actor GyllenhaalJAKE
84.3%
**____ a Rolling Stone****LIKE**
83.7%
Musical groupBAND
77.6%
**Ballad of a ____ Man****THIN**
74.7%
Where you'd sleep on a shipBUNK
70.1%
Hint 4-Letter Word % Correct
In comparisonTHAN
67.8%
Make money by singing, perhaps, in publicBUSK
67.2%
Masked Batman supervillainBANE
66.3%
Experiment or assessTEST
65.8%
Investor's purchaseBOND
64.4%
**Queen ____ Approximately****JANE**
64%
Milk sourceTEAT
64%
Pointer's pronounTHAT
62.9%
Genre of music emerging in the late 60sFUNK
58.5%
Supply moneyFUND
57.3%
DotingFOND
54.1%
**____ a Buick 6 ** **FROM**
52.5%
**____ Like Tom Thumb's Blues****JUST **
52.3%
TeaseJEST
50.7%

Today's Daily Dose

Remove Ads.
Support Sporcle.
Get the best of Sporcle when you Go Orange. This ad-free experience offers more features, more stats, and more fun while also helping to support Sporcle. Thank you for becoming a member.

You're not logged in!

Compare scores with friends on all Sporcle quizzes.
OR
Log In

Show Comments

Extras

Top Quizzes Today


Score Distribution

Your Account Isn't Verified!

In order to create a playlist on Sporcle, you need to verify the email address you used during registration. Go to your Sporcle Settings to finish the process.

Report this User

Report this user for behavior that violates our Community Guidelines.

Details: